[Event "FIDE World Rapid Team"]
[Site "London ENG"]
[Date "2025.06.12"]
[Round "6.3"]
[White "Czopor, Maciej"]
[Black "Cuenca Jimenez, Jose Fernando"]
[Result "0-1"]
[WhiteTitle "IM"]
[BlackTitle "GM"]
[WhiteElo "2423"]
[BlackElo "2487"]
[WhiteTeam "Wood Green"]
[BlackTeam "Duobeniajan Costa Calida ESJ"]
[WhiteFideId "21805431"]
[BlackFideId "2255570"]
[EventDate "2025.06.11"]
[EventType "team"]

1. c4 Nf6 2. Nc3 g6 3. e4 d6 4. d4 Bg7 5. Nf3 O-O 6. Bd3 Nc6 7. d5 Nb4 8. Be2 a5
9. O-O Na6 10. Re1 e5 11. dxe6 Bxe6 12. Nd4 Bd7 13. Ndb5 Nc5 14. Bf1 Ne8 15. Be3
Kh8 16. Qd2 f5 17. e5 Bxb5 18. cxb5 Ne6 19. Qd5 f4 20. Bc1 Nc5 21. e6 Rf5 22.
Qf3 Nf6 23. Bc4 d5 24. e7 Qd7 25. Bd3 Nxd3 26. Qxd3 Re8 27. Bd2 Rxe7 28. Ne2 Ne4
29. Nd4 Rff7 30. Bxa5 c5 31. bxc6 bxc6 32. Bc3 Nxc3 33. bxc3 c5 34. Nf3 Rf5 35.
Rxe7 Qxe7 36. Re1 Qd7 37. h3 Rf8 38. Rd1 Rd8 39. c4 d4 40. Qe4 Qf7 41. Ng5 Qf6
42. Nf3 Qf7 43. Rb1 Qf5 44. Qxf5 gxf5 45. Ne1 Ra8 46. Nd3 Bf8 47. Nxf4 Bd6 48.
Nd5 Rxa2 49. g3 Rc2 50. Rb6 Bf8 51. Nf4 Kg8 52. Rb8 Kf7 53. Rb7+ Ke8 54. Rb8+
Kf7 55. Rb7+ Ke8 56. Rxh7 Rxc4 57. Rh5 Rc1+ 58. Kg2 c4 59. Rxf5 d3 60. Re5+ Kf7
61. Rf5+ Ke8 62. Re5+ Kf7 63. Rd5 Rd1 64. h4 Bh6 65. Rd4 d2 66. Rxc4 Rc1 67. Rd4
d1=Q 68. Rxd1 Rxd1 69. Ne2 Rd3 70. Ng1 Ke6 71. g4 Bf8 72. Nh3 Ke5 73. f4+ Kf6
74. Ng5 Re3 75. h5 Bd6 76. Nh3 Ra3 77. h6 Kg6 78. g5 Kf5 79. h7 Ra8 80. Kf3 Rh8
81. g6 Kxg6 82. Ng5 Be7 83. Ne6 Rxh7 84. Ke4 Rh4 85. Ke5 Bf6+ 86. Ke4 Kf7 87.
Nc5 Rh1 88. Nd3 Ra1 89. Kf5 Ra5+ 90. Ke4 Ke6 91. f5+ Kd6 92. Nf4 Re5+ 0-1

[Event "FIDE World Rapid Team"]
[Site "London ENG"]
[Date "2025.06.12"]
[Round "6.4"]
[White "Camacho Collados, Marcos"]
[Black "Willow, Jonah B"]
[Result "1-0"]
[WhiteTitle "IM"]
[BlackTitle "IM"]
[WhiteElo "2462"]
[BlackElo "2470"]
[WhiteTeam "Duobeniajan Costa Calida ESJ"]
[BlackTeam "Wood Green"]
[WhiteFideId "2266237"]
[BlackFideId "438804"]
[EventDate "2025.06.11"]
[EventType "team"]

1. d4 Nf6 2. Nf3 g6 3. Bg5 Bg7 4. Nbd2 h6 5. Bh4 d6 6. e4 c5 7. dxc5 dxc5 8. Bc4
O-O 9. O-O Nc6 10. Re1 Nh5 11. c3 Nf4 12. Qc2 Qc7 13. Bg3 e5 14. a4 Be6 15. Rad1
Na5 16. Bxe6 fxe6 17. Nb3 Nxb3 18. Qxb3 c4 19. Qc2 g5 20. Bxf4 Rxf4 21. Qd2 Raf8
22. Re2 Qf7 23. Qd7 Rxf3 24. gxf3 Qxf3 25. Qxe6+ Kh7 26. Rdd2 Rf4 27. h3 Qh5 28.
Re3 g4 29. Rd8 Qg5 30. Qg8+ Kg6 31. Rd7 Qf6 32. Rg3 h5 33. hxg4 hxg4 34. Qe8+
Kh6 35. Rg2 Rf3 36. Qe7 1-0

[Event "FIDE World Rapid Team"]
[Site "London ENG"]
[Date "2025.06.12"]
[Round "6.5"]
[White "Kueh, Audrey"]
[Black "Khotenashvili, Bella"]
[Result "0-1"]
[WhiteTitle "WFM"]
[BlackTitle "GM"]
[WhiteElo "2054"]
[BlackElo "2418"]
[WhiteTeam "Wood Green"]
[BlackTeam "Duobeniajan Costa Calida ESJ"]
[WhiteFideId "421596"]
[BlackFideId "13602640"]
[EventDate "2025.06.11"]
[EventType "team"]

1. e4 c6 2. d4 g6 3. Nc3 Bg7 4. Bg5 Qb6 5. Nf3 Qxb2 6. Na4 Qb4+ 7. c3 Qa5 8. Bd2
d6 9. Qb3 Nf6 10. Ng5 O-O 11. Bc4 d5 12. Bd3 h6 13. e5 hxg5 14. exf6 Bxf6 15. g3
Kg7 16. h4 Rh8 17. O-O-O g4 18. Nc5 Nd7 19. Nxd7 Bxd7 20. c4 Qb6 21. cxd5 cxd5
22. Qxb6 axb6 23. Kb1 Bxd4 24. Bb4 Bc5 25. Bc3+ f6 26. Bc2 Bc6 27. Bb3 d4 0-1

[Event "FIDE World Rapid Team"]
[Site "London ENG"]
[Date "2025.06.12"]
[Round "6.6"]
[White "Torres, Lucas"]
[Black "Barwick, Carmel"]
[Result "1-0"]
[WhiteElo "1897"]
[BlackElo "1915"]
[WhiteTeam "Duobeniajan Costa Calida ESJ"]
[BlackTeam "Wood Green"]
[WhiteFideId "1769464"]
[BlackFideId "442925"]
[EventDate "2025.06.11"]
[EventType "team"]

1. e4 c5 2. Nc3 e6 3. g3 Nc6 4. Bg2 Nf6 5. d3 d6 6. f4 Be7 7. Nf3 a6 8. O-O O-O
9. Bd2 Rb8 10. a4 Qc7 11. Qe1 b5 12. axb5 axb5 13. h3 Nb4 14. Rc1 Re8 15. g4 d5
16. e5 Nd7 17. Ne2 Nc6 18. Ng3 b4 19. Kh1 b3 20. c3 Ba6 21. Qe3 Qb6 22. Rfd1
Rbd8 23. d4 cxd4 24. cxd4 Bc4 25. Bc3 Ra8 26. f5 exf5 27. Nxf5 f6 28. Qd2 Nf8
29. Re1 Ng6 30. exf6 Bxf6 31. Nd6 Rf8 32. Nxc4 dxc4 33. Qe2 Nf4 34. Qxc4+ Nd5
35. Qxd5+ Kh8 36. Re6 Ne7 37. Qxa8 1-0

[Event "FIDE World Rapid Team"]
[Site "London ENG"]
[Date "2025.06.12"]
[Round "6.1"]
[White "Shirov, Alexei"]
[Black "Gan-Erdene, Sugar"]
[Result "1/2-1/2"]
[WhiteTitle "GM"]
[BlackTitle "IM"]
[WhiteElo "2620"]
[BlackElo "2454"]
[WhiteTeam "Global Ramblers"]
[BlackTeam "Mongolia-B"]
[WhiteFideId "2209390"]
[BlackFideId "4902980"]
[EventDate "2025.06.11"]
[EventType "team"]

1. e4 c5 2. Nf3 d6 3. d4 cxd4 4. Nxd4 Nf6 5. Nc3 Nc6 6. Bg5 e6 7. Qd2 a6 8.
O-O-O Bd7 9. f3 Be7 10. Kb1 Rc8 11. Nxc6 Bxc6 12. h4 h6 13. Be3 h5 14. Ne2 d5
15. e5 Nd7 16. f4 Bb5 17. Nd4 Bxf1 18. Rdxf1 g6 19. g4 hxg4 20. Qg2 Nc5 21. Qxg4
Rh5 22. Nf3 Ne4 23. Ng5 Bxg5 24. fxg5 Qc7 25. Qg2 Kf8 26. Rf4 Kg8 27. Rhf1 Rf8
28. Bd4 Qc4 29. Rd1 b5 30. Rd3 a5 31. b3 Qc7 32. Kb2 b4 33. Rdf3 a4 34. Qe2 axb3
35. Rxb3 Qa5 36. Qe1 Ra8 37. Qxb4 Qxa2+ 38. Kc1 Qa6 39. Qb7 Qxb7 40. Rxb7 Rh7
41. Rc7 f5 42. Rc6 Re8 43. c4 dxc4 44. Rxc4 Rd7 45. Kc2 Kf7 46. Be3 Ke7 47.
Rcxe4 fxe4 48. Bc5+ Kd8 49. Rxe4 Rc7 50. Rc4 Kd7 51. Kd3 Rec8 52. Rd4+ Ke8 53.
Bb4 Rc1 54. Rf4 Rd1+ 55. Ke2 Rd5 56. Bd6 Rc2+ 57. Ke3 Rc3+ 58. Ke2 Rc2+ 59. Ke3
Rc3+ 60. Ke2 Rc2+ 1/2-1/2

[Event "FIDE World Rapid Team"]
[Site "London ENG"]
[Date "2025.06.12"]
[Round "6.2"]
[White "Bilguun, Sumiya"]
[Black "Dudin, Gleb"]
[Result "0-1"]
[WhiteTitle "GM"]
[BlackTitle "GM"]
[WhiteElo "2451"]
[BlackElo "2574"]
[WhiteTeam "Mongolia-B"]
[BlackTeam "Global Ramblers"]
[WhiteFideId "4901541"]
[BlackFideId "34184934"]
[EventDate "2025.06.11"]
[EventType "team"]

1. e4 c5 2. Nc3 Nc6 3. Bb5 Nd4 4. Bc4 e6 5. Nf3 a6 6. Nxd4 cxd4 7. Ne2 b5 8. Bb3
Bc5 9. O-O Bb7 10. d3 Ne7 11. Qe1 O-O 12. f3 Kh8 13. Kh1 Rc8 14. Bd2 f5 15. Ba5
Qe8 16. Bb4 e5 17. Bxc5 Rxc5 18. a4 bxa4 19. Bxa4 Qc8 20. c3 dxc3 21. bxc3 fxe4
22. fxe4 d5 23. Rxf8+ Qxf8 24. Ng3 Rc8 25. Bb3 Qf4 26. h3 h6 27. Ra2 Rf8 28.
exd5 Nxd5 29. Bxd5 Bxd5 30. Ra5 Rd8 31. Rxa6 Rb8 32. Ra5 Bxg2+ 33. Kxg2 Rb2+ 34.
Kg1 Qf3 35. Ra8+ Qxa8 36. Qe4 Qf8 37. Ne2 Qf6 38. Qa8+ Kh7 39. Qe4+ Qg6+ 40.
Qxg6+ Kxg6 41. Kf2 Kf5 42. Kf3 g5 43. d4 exd4 44. Nxd4+ Kf6 45. Ne2 Rd2 46. Ke3
Rc2 47. Kd3 Ra2 48. Ke3 Ke5 49. Nd4 h5 50. Nf3+ Kf5 51. Nd4+ Kf6 52. Nf3 Rc2 53.
Kd3 Rg2 54. Ke4 Rg3 55. c4 Rxh3 56. c5 Rxf3 57. Kxf3 Ke5 58. Kg3 Kd5 0-1

[Event "FIDE World Rapid Team"]
[Site "London ENG"]
[Date "2025.06.12"]
[Round "6.3"]
[White "Shabalov, Alexander"]
[Black "Batkhuyag, Munguntuul"]
[Result "0-1"]
[WhiteTitle "GM"]
[BlackTitle "IM"]
[WhiteElo "2483"]
[BlackElo "2356"]
[WhiteTeam "Global Ramblers"]
[BlackTeam "Mongolia-B"]
[WhiteFideId "2008572"]
[BlackFideId "4900758"]
[EventDate "2025.06.11"]
[EventType "team"]

1. e4 c6 2. d4 d5 3. e5 Bf5 4. Nf3 e6 5. Be2 c5 6. O-O Nc6 7. c3 Bg4 8. Nbd2
Nge7 9. dxc5 Ng6 10. b4 Bxf3 11. Nxf3 Ngxe5 12. Nxe5 Nxe5 13. Bf4 Nc6 14. Qa4 a6
15. Rad1 Qc8 16. c4 dxc4 17. Bxc4 Be7 18. Bd6 O-O 19. Be2 Rd8 20. Rd2 Bf6 21. a3
Nd4 22. Bd3 Qd7 23. Qd1 a5 24. Qb1 axb4 25. Bxh7+ Kh8 26. Be4 Rxa3 27. Qxb4 Rb3
28. Qc4 Rc3 29. Qa2 b6 30. Kh1 bxc5 31. Bf4 g6 32. Qa5 Rc4 33. Qa3 Kg8 34. h4
Bxh4 35. Be5 Qe7 36. Qd3 Rb4 37. Bxg6 Nf5 38. Qxd8+ Qxd8 39. Rxd8+ Bxd8 40. Bxf5
exf5 41. Rd1 Be7 42. Rd7 Kf8 43. Rc7 f6 44. Bc3 Rb1+ 0-1

[Event "FIDE World Rapid Team"]
[Site "London ENG"]
[Date "2025.06.12"]
[Round "6.4"]
[White "Mungunzul, Bat-Erdene"]
[Black "Glek, Igor"]
[Result "0-1"]
[WhiteTitle "WCM"]
[BlackTitle "GM"]
[WhiteElo "2337"]
[BlackElo "2444"]
[WhiteTeam "Mongolia-B"]
[BlackTeam "Global Ramblers"]
[WhiteFideId "4902831"]
[BlackFideId "4100484"]
[EventDate "2025.06.11"]
[EventType "team"]

1. d4 e6 2. c4 f5 3. Nc3 Bb4 4. Bd2 Nf6 5. e3 b6 6. Nf3 Bb7 7. g3 O-O 8. Bg2 a5
9. O-O d6 10. Rc1 Qe7 11. a3 Bxc3 12. Bxc3 a4 13. c5 Ne4 14. cxd6 cxd6 15. Nd2
Bd5 16. Nxe4 fxe4 17. Qc2 Qb7 18. Bb4 Rd8 19. Qd1 Nc6 20. Bc3 b5 21. f3 exf3 22.
Bxf3 Ne7 23. Rc2 Rf8 24. Rcf2 Bxf3 25. Rxf3 Rxf3 26. Qxf3 Qxf3 27. Rxf3 Nd5 28.
e4 Nf6 29. e5 dxe5 30. dxe5 Nd5 31. Bd4 Rc8 32. b3 Rc1+ 33. Kg2 Rc2+ 34. Kg1 h5
35. bxa4 bxa4 36. Rd3 g5 37. Bf2 Rc3 38. Rxc3 Nxc3 39. Be1 Nb5 40. Bb4 Kf7 41.
h3 g4 42. hxg4 hxg4 43. Kf2 Kg6 44. Ke3 Kf5 45. Bd6 Nc3 46. Bb4 Ne4 47. Be1 Kxe5
48. Kd3 Kd5 49. Ke3 e5 50. Kd3 Nd6 51. Kc3 Kc5 52. Kd3 Kd5 53. Kc3 e4 54. Kb4 e3
55. Kxa4 Kc4 56. Ka5 Nb5 57. a4 Nc3 0-1

[Event "FIDE World Rapid Team"]
[Site "London ENG"]
[Date "2025.06.12"]
[Round "6.5"]
[White "Zatonskih, Anna"]
[Black "Sodbilegt, Naranbold"]
[Result "1-0"]
[WhiteTitle "IM"]
[BlackTitle "FM"]
[WhiteElo "2306"]
[BlackElo "2363"]
[WhiteTeam "Global Ramblers"]
[BlackTeam "Mongolia-B"]
[WhiteFideId "14101572"]
[BlackFideId "4903528"]
[EventDate "2025.06.11"]
[EventType "team"]

1. d4 Nf6 2. Nf3 e6 3. c4 d5 4. g3 Bb4+ 5. Bd2 a5 6. Qc2 O-O 7. Bg2 c5 8. dxc5
d4 9. Bxb4 axb4 10. Nbd2 Nc6 11. O-O e5 12. Ng5 h6 13. Nge4 Bf5 14. Qb3 Nd7 15.
Qf3 Bxe4 16. Nxe4 f5 17. Nd6 e4 18. Qh5 Qf6 19. Nxb7 Rab8 20. Nd6 Nxc5 21. Nb5
d3 22. exd3 Nxd3 23. b3 Nd4 24. Nxd4 Qxd4 25. Rad1 Qb2 26. Bh3 Qf6 27. Qe2 Rbe8
28. f3 Qb6+ 29. Kh1 Rd8 30. Rd2 Qd4 31. Bg2 e3 32. Rc2 f4 33. Bh3 Qe5 34. Kg2
Rd6 35. c5 Rd4 36. c6 fxg3 37. hxg3 Qg5 38. Kh2 Nc5 39. c7 Qe5 40. c8=Q Rxc8 41.
Bxc8 Nd3 42. Rd1 Rh4+ 43. Kg2 Nf4+ 44. gxf4 Rxf4 45. Bg4 h5 46. Rc8+ Kh7 47.
Qd3+ g6 48. Qd5 Qb2+ 49. Kg3 Rxg4+ 50. fxg4 Qf2+ 51. Kh3 hxg4+ 52. Kxg4 1-0

[Event "FIDE World Rapid Team"]
[Site "London ENG"]
[Date "2025.06.12"]
[Round "6.6"]
[White "Enkhbayar, Genden"]
[Black "Volkov, Leonid"]
[Result "0-1"]
[WhiteElo "1837"]
[BlackElo "1828"]
[WhiteTeam "Mongolia-B"]
[BlackTeam "Global Ramblers"]
[WhiteFideId "4928415"]
[BlackFideId "12848140"]
[EventDate "2025.06.11"]
[EventType "team"]

1. d4 c5 2. d5 e6 3. c4 Nf6 4. Nc3 exd5 5. cxd5 d6 6. e4 a6 7. a4 g6 8. Nf3 Bg7
9. Bd3 Bg4 10. h3 Bxf3 11. Qxf3 Nbd7 12. Bf4 Qb6 13. Qe2 Nh5 14. a5 Nxf4 15.
axb6 Nxe2 16. Kxe2 Nxb6 17. Ra3 c4 18. Bc2 O-O 19. Rb1 Nd7 20. b4 cxb3 21. Rbxb3
b5 22. Nd1 Rfc8 23. Bd3 Nc5 24. Rb1 Rcb8 25. Ra5 Re8 26. f3 f5 27. Ke3 f4+ 28.
Kd2 Rec8 29. Ra3 Rcb8 30. Be2 g5 31. Ra5 Na4 32. Rb3 Bd4 33. Ra3 Bb6 34. R5xa4
bxa4 35. Rxa4 a5 36. Kc3 Bc5 37. Bc4 Rb4 38. Ra2 Rb1 39. Nb2 Bb4+ 40. Kd3 Rc8
41. Na4 Rc1 42. Ba6 Rd1+ 43. Ke2 Rcc1 44. Bd3 Re1+ 45. Kf2 Ra1 46. Rxa1 Rxa1 47.
Nb6 Bc5+ 0-1

[Event "FIDE World Rapid Team"]
[Site "London ENG"]
[Date "2025.06.12"]
[Round "6.1"]
[White "Navara, David"]
[Black "Ghasi, Ameet K"]
[Result "0-1"]
[WhiteTitle "GM"]
[BlackTitle "GM"]
[WhiteElo "2657"]
[BlackElo "2513"]
[WhiteTeam "Hetman GKS Katowice"]
[BlackTeam "Sharks 4NCL"]
[WhiteFideId "309095"]
[BlackFideId "409200"]
[EventDate "2025.06.11"]
[EventType "team"]

1. e4 c6 2. d4 d5 3. e5 Bf5 4. Nf3 e6 5. Be2 c5 6. O-O Nc6 7. c3 a6 8. Be3 Qb6
9. Nbd2 Nh6 10. Qa4 Bg6 11. dxc5 Bxc5 12. Bxc5 Qxc5 13. Nb3 Qb6 14. Nh4 Be4 15.
Nd2 Qa5 16. Qxa5 Nxa5 17. f3 Bg6 18. Rac1 b5 19. f4 f6 20. Nxg6 hxg6 21. Bd3 Nf5
22. Nf3 Nc6 23. Rce1 Kf7 24. g4 Nfe7 25. Re2 Rhe8 26. Rfe1 Ng8 27. Nh4 f5 28.
Nf3 Nh6 29. h3 Kg8 30. Nh4 Ne7 31. Rg2 Rac8 32. Re3 fxg4 33. hxg4 Rf8 34. Rf3 g5
35. fxg5 Nf7 36. Rgf2 Nxg5 37. Rxf8+ Rxf8 38. Rxf8+ Kxf8 39. Kf2 Nf7 40. Nf3 Nc6
41. Nd4 Nfxe5 42. Nxe6+ Ke7 43. Bxb5 Kxe6 44. Bxa6 Nxg4+ 45. Kg3 Nge5 46. b4 g5
47. a4 Kd6 48. a5 Ne7 49. Kf2 Kc6 50. Bf1 Nf5 51. Bg2 g4 52. a6 Nd3+ 53. Kg1 Ne3
54. c4 Nxc4 55. a7 Nb6 56. Kh2 Nf4 57. Bf1 Nh5 58. Be2 g3+ 59. Kg1 Nf4 60. Ba6
Kc7 61. Kh1 d4 62. Kg1 Na8 63. Bf1 Kb6 0-1

[Event "FIDE World Rapid Team"]
[Site "London ENG"]
[Date "2025.06.12"]
[Round "6.2"]
[White "Roberson, Peter T"]
[Black "Klimkowski, Jan"]
[Result "0-1"]
[WhiteTitle "IM"]
[BlackTitle "GM"]
[WhiteElo "2433"]
[BlackElo "2508"]
[WhiteTeam "Sharks 4NCL"]
[BlackTeam "Hetman GKS Katowice"]
[WhiteFideId "412384"]
[BlackFideId "21856222"]
[EventDate "2025.06.11"]
[EventType "team"]

1. e4 c5 2. Be2 Nc6 3. f4 Nf6 4. d3 d5 5. Nc3 d4 6. Nb1 e5 7. Nf3 Bd6 8. fxe5
Nxe5 9. O-O Qc7 10. h3 Nxf3+ 11. Bxf3 h5 12. Na3 Bh2+ 13. Kh1 Ng4 14. e5 Bxe5
15. Qe2 Be6 16. Nb5 Qb8 17. Qe4 a6 18. Na3 Ra7 19. Nc4 Bg3 20. a4 Nf6 21. Qe2 h4
22. a5 O-O 23. Bg5 Re8 24. Bxf6 Bxc4 25. Qd2 gxf6 26. dxc4 Qf4 27. Qd1 Qg5 28.
Bd5 Kg7 29. Ra3 Re7 30. Raf3 Ra8 31. Qd3 Rae8 32. Rf5 Qg6 33. Qf3 Re1 34. Qg4
Rxf1+ 35. Rxf1 Qxg4 36. hxg4 Re7 37. Kg1 Be1 38. Rf5 Bxa5 39. Bf3 Be1 40. Kf1
Bg3 41. Be2 b6 42. Rf3 b5 43. Ra3 bxc4 44. Ra1 Rb7 45. Bxc4 Rxb2 46. Bd3 a5 47.
Ke2 c4 48. Bf5 d3+ 49. Kd1 Rxc2 50. Rxa5 Bf4 0-1

[Event "FIDE World Rapid Team"]
[Site "London ENG"]
[Date "2025.06.12"]
[Round "6.3"]
[White "Seemann, Jakub"]
[Black "Rendle, Thomas E"]
[Result "1/2-1/2"]
[WhiteTitle "IM"]
[BlackTitle "IM"]
[WhiteElo "2450"]
[BlackElo "2370"]
[WhiteTeam "Hetman GKS Katowice"]
[BlackTeam "Sharks 4NCL"]
[WhiteFideId "21874697"]
[BlackFideId "408760"]
[EventDate "2025.06.11"]
[EventType "team"]

1. d4 d5 2. c4 c6 3. Nf3 Nf6 4. Nc3 dxc4 5. a4 Bf5 6. Ne5 Nbd7 7. Nxc4 Qc7 8. g3
e5 9. dxe5 Nxe5 10. Bf4 Nfd7 11. Bg2 g5 12. Ne3 gxf4 13. Nxf5 O-O-O 14. Qc2 fxg3
15. hxg3 a5 16. Kf1 Nf6 17. Rh4 Kb8 18. Ne4 Nxe4 19. Rxe4 f6 20. Nd4 Qb6 21. e3
Bb4 22. Rf4 h5 23. Rxf6 Rhf8 24. Rxf8 Rxf8 25. Kg1 h4 26. Qe4 Bd6 27. b4 hxg3
28. f4 Nc4 29. Rc1 Nxe3 30. bxa5 Qb2 31. Nxc6+ Ka8 32. Qxe3 Qf2+ 33. Qxf2 gxf2+
34. Kf1 Bxf4 35. Rb1 bxc6 36. Bxc6+ Ka7 37. Bb5 Bc7 38. a6 Bb6 39. Ke2 f1=Q+ 1/2-1/2

[Event "FIDE World Rapid Team"]
[Site "London ENG"]
[Date "2025.06.12"]
[Round "6.4"]
[White "Moreby, James"]
[Black "Cieslak, Patryk"]
[Result "0-1"]
[WhiteTitle "FM"]
[BlackTitle "FM"]
[WhiteElo "2320"]
[BlackElo "2442"]
[WhiteTeam "Sharks 4NCL"]
[BlackTeam "Hetman GKS Katowice"]
[WhiteFideId "427756"]
[BlackFideId "21078882"]
[EventDate "2025.06.11"]
[EventType "team"]

1. c4 e6 2. Nf3 d5 3. g3 Nf6 4. Bg2 dxc4 5. Na3 Bxa3 6. bxa3 b5 7. Ne5 Nd5 8. d3
Qf6 9. f4 O-O 10. dxc4 bxc4 11. Qc2 Nd7 12. Nxd7 Bxd7 13. Rb1 Qd4 14. Qd2 Qc5
15. e4 Nf6 16. Qe2 Rab8 17. Rxb8 Rxb8 18. Bf3 Rb1 19. Kd2 Qd4+ 20. Kc2 Rb8 21.
Qd2 Ba4# 0-1

[Event "FIDE World Rapid Team"]
[Site "London ENG"]
[Date "2025.06.12"]
[Round "6.5"]
[White "Tsatsalashvili, Keti"]
[Black "Hryshchenko, Kamila"]
[Result "0-1"]
[WhiteTitle "WGM"]
[BlackTitle "WFM"]
[WhiteElo "2305"]
[BlackElo "2097"]
[WhiteTeam "Hetman GKS Katowice"]
[BlackTeam "Sharks 4NCL"]
[WhiteFideId "13603434"]
[BlackFideId "14147491"]
[EventDate "2025.06.11"]
[EventType "team"]

1. d4 d6 2. Nf3 Nf6 3. c4 g6 4. Nc3 Bg7 5. e4 O-O 6. Be2 c5 7. dxc5 Qa5 8. O-O
Qxc5 9. Be3 Qc7 10. Rc1 Nc6 11. Nd4 Bd7 12. f3 Nxd4 13. Bxd4 Rfc8 14. Qd2 Qa5
15. Rfd1 Be6 16. b3 Qh5 17. Be3 Bd7 18. Nd5 Nxd5 19. exd5 Qe5 20. Re1 h5 21. Bd3
Bf6 22. Rc2 h4 23. Bxa7 Qh5 24. Bf2 h3 25. Bf1 hxg2 26. Bxg2 Kg7 27. Bg3 Bf5 28.
Rcc1 Rh8 29. Re2 Ra3 30. Qe3 Rha8 31. Qf2 Qg5 32. Rd1 Rh8 33. Rde1 Bh3 34. Bxh3
Rxh3 35. Re4 Ra8 36. Rg4 Qf5 37. a4 Rah8 38. Ree4 Qh5 39. Qe2 Qh6 40. Bf4 Qh5
41. Qf2 Rh4 42. Rxh4 Bxh4 43. Bg3 Bf6 44. Qe3 Qf5 45. Qf4 Qc8 46. Qe3 Rh5 47.
Qe2 Qc5+ 48. Bf2 Qb4 49. Qd3 Qa3 50. Re1 Qb2 51. Re2 Qa1+ 52. Kg2 Be5 53. Bg3
Bxg3 54. hxg3 Rh1 55. f4 Qf1# 0-1

[Event "FIDE World Rapid Team"]
[Site "London ENG"]
[Date "2025.06.12"]
[Round "6.6"]
[White "Morea, Georgiana-Steluta"]
[Black "Smolinski, Wojciech"]
[Result "0-1"]
[WhiteElo "1920"]
[BlackElo "1987"]
[WhiteTeam "Sharks 4NCL"]
[BlackTeam "Hetman GKS Katowice"]
[WhiteFideId "1204319"]
[BlackFideId "21088683"]
[EventDate "2025.06.11"]
[EventType "team"]

1. c4 e5 2. Nc3 Nc6 3. g3 f5 4. Bg2 Nf6 5. d3 Bb4 6. e3 Bxc3+ 7. bxc3 d6 8. Ne2
O-O 9. O-O Qe8 10. f4 e4 11. d4 b6 12. Ba3 Ba6 13. c5 dxc5 14. dxc5 Qf7 15. cxb6
Rfd8 16. b7 Rab8 17. Qc2 Qh5 18. Rfe1 Ng4 19. Qb3+ Kh8 20. h3 Nxe3 21. Nd4 Nxd4
22. Rxe3 Nxb3 0-1

[Event "FIDE World Rapid Team"]
[Site "London ENG"]
[Date "2025.06.12"]
[Round "6.1"]
[White "Fernandez, Daniel Howard"]
[Black "Nogerbek, Kazybek"]
[Result "0-1"]
[WhiteTitle "GM"]
[BlackTitle "GM"]
[WhiteElo "2484"]
[BlackElo "2538"]
[WhiteTeam "English Knightmares"]
[BlackTeam "Barys.kz"]
[WhiteFideId "5801605"]
[BlackFideId "13710427"]
[EventDate "2025.06.11"]
[EventType "team"]

1. e4 e6 2. d4 d5 3. exd5 exd5 4. Bd3 Nc6 5. c3 Bd6 6. Qf3 Nge7 7. Bf4 Ng6 8.
Bxd6 Qxd6 9. h4 O-O 10. h5 Nf4 11. Ne2 Re8 12. O-O Nxd3 13. Qxd3 Bf5 14. Qd2 Bg4
15. Ng3 f5 16. f4 g6 17. hxg6 h5 18. Rf2 h4 19. Nf1 Re7 20. Na3 Rae8 21. Nc2 Rg7
22. Re1 Rd8 23. Nb4 Qxg6 24. Nxc6 bxc6 25. Re5 Kh7 26. Ne3 Rdg8 27. Qc2 Rf8 28.
Nxg4 Qxg4 29. Qe2 Rf6 30. Re7 Rg6 31. Qxg4 fxg4 32. Rfe2 Rf6 33. Rxg7+ Kxg7 34.
g3 hxg3 35. Kg2 Rxf4 36. Kxg3 Rf6 37. Re7+ Kg6 38. Rxc7 Kf5 39. Re7 Rh6 40. Re5+
Kf6 41. a4 Rh1 42. Kxg4 Ra1 43. Re8 Rxa4 44. Rc8 Ra6 45. Kf4 Ke6 46. Rh8 Ra2 47.
Rh6+ Kd7 48. Ke5 Rxb2 49. Rh7+ Ke8 50. Kd6 Rb3 51. Rh3 a5 52. Kxc6 a4 53. Kxd5
a3 54. Kc4 a2 55. Rh8+ Kd7 56. Ra8 Rb2 57. Kc5 Kc7 58. d5 Kb7 59. Ra3 Rh2 60. c4
Rg2 61. Ra4 Rb2 62. Kd6 Rb6+ 63. Kd7 Ra6 64. Rxa2 Rxa2 65. c5 Rh2 66. Kd6 Rh7
67. Ke6 Kc7 68. Kf6 Kd7 69. Ke5 Rh1 70. c6+ Kc7 71. Kd4 0-1

[Event "FIDE World Rapid Team"]
[Site "London ENG"]
[Date "2025.06.12"]
[Round "6.2"]
[White "Makhnev, Denis"]
[Black "Badacsonyi, Stanley"]
[Result "1-0"]
[WhiteTitle "GM"]
[BlackTitle "FM"]
[WhiteElo "2531"]
[BlackElo "2300"]
[WhiteTeam "Barys.kz"]
[BlackTeam "English Knightmares"]
[WhiteFideId "13707647"]
[BlackFideId "486973"]
[EventDate "2025.06.11"]
[EventType "team"]

1. d4 Nf6 2. Nf3 g6 3. Nbd2 d5 4. e3 Bg7 5. b3 c5 6. Bb2 cxd4 7. Nxd4 O-O 8. Be2
Re8 9. O-O e5 10. N4f3 Nc6 11. a3 Bf5 12. b4 a6 13. Nb3 Qc7 14. Nh4 Bc8 15. Nf3
Bf5 16. Rc1 Rad8 17. h3 h6 18. Nfd2 d4 19. exd4 Nxd4 20. Nxd4 exd4 21. Bd3 Bxd3
22. cxd3 Qf4 23. Rc2 Rc8 24. Rxc8 Rxc8 25. Re1 b5 26. Nb3 Nd5 27. Re4 Qd6 28.
Bxd4 f5 29. Bc5 Qd7 30. Re1 Nf4 31. Qf3 Ne6 32. h4 h5 33. d4 Rd8 34. Bb6 Re8 35.
d5 Nf8 36. Rd1 Be5 37. d6 Qe6 38. Nc5 Qc4 39. d7 Nxd7 40. Nxd7 Bb2 41. g3 Re4
42. Nc5 Re2 43. Nd3 Qc2 44. Nxb2 Qxb2 45. Qa8+ Kf7 46. Rd7+ Re7 47. Qd5+ 1-0

[Event "FIDE World Rapid Team"]
[Site "London ENG"]
[Date "2025.06.12"]
[Round "6.3"]
[White "Shearsby, Jude"]
[Black "Agmanov, Zhandos"]
[Result "1/2-1/2"]
[WhiteTitle "CM"]
[BlackTitle "IM"]
[WhiteElo "2160"]
[BlackElo "2481"]
[WhiteTeam "English Knightmares"]
[BlackTeam "Barys.kz"]
[WhiteFideId "462527"]
[BlackFideId "13708309"]
[EventDate "2025.06.11"]
[EventType "team"]

1. e4 c5 2. Nf3 d6 3. c3 Nf6 4. h3 Nc6 5. Bd3 e5 6. Bc2 d5 7. exd5 Qxd5 8. d3 h6
9. Na3 Be6 10. O-O O-O-O 11. Re1 g5 12. Bb3 Qxd3 13. Qxd3 Rxd3 14. Bxe6+ fxe6
15. Nc4 e4 16. Nfd2 b5 17. Ne3 a6 18. a4 Kb7 19. Nc2 c4 20. Nxe4 Nxe4 21. Rxe4
Rd1+ 22. Re1 Rxe1+ 23. Nxe1 Bc5 24. Nf3 Rd8 25. Be3 Bxe3 26. fxe3 Kb6 27. Kf2
Ne7 28. Ke2 Nd5 29. Ne5 Nf6 30. Nf7 Rf8 31. Ne5 Rd8 32. Nf7 Rf8 33. Ne5 Rd8 1/2-1/2